Statistics for Penguins of Madagascar Characters Quiz

Click here to take the quiz!

General Stats

  • This quiz has been taken 222 times
  • The average score is 5 of 9

Answer Stats

Character DescriptionActor/ActressCharacter% Correct
The leader of the penguins who likes Cheesy DibblesTom McgrathSkipper
95%
The loose cannon of the penguins and the only one who almost never talksConrad VernonRico
91%
The rookie of the penguins, the shortest of the penguins, and the only one with a lazy eyeChristopher KnightsPrivate
89%
The brains of the penguins and the tallest of the fourChris MillerKowalski
83%
A villainous and disgruntled octopusJohn MalkovichDave
57%
A gray wolf and team leader of the North WindBenedict CumberbatchClassified
43%
A snowy owl and the North Wind's intelligence analystAnnet MahendruEva
36%
An explosive and demolitions expert harp seal and a member of the North WindKen JeongShort Fuse
28%
A Norwegian polar bear and a member of the North WindPeter StormareCorporal
26%

Score Distribution

Percentile by Number Answered

Percent of People with Each Score

Your Score History

You have not taken this quiz